000 00586nam a2200205 a 4500
003 PILC
005 20160104090351.0
008 130613s 000 0 eng d
020 _a9789814352444 (v. 1)
020 _a9814352446 (v.1)
020 _a9789814352451 (v. 2)
050 0 0 _aQC 23
_b.Se49 2012
100 1 _aSerway, Raymond A.
245 1 0 _aPhysics :
_bfundamentals /
_cRaymond A. Serway, Chris Vuille.
250 _aPhilippine edition.
300 _a537 pages :
_billustrations ;
_c26 cm.
650 0 _aPhysics.
700 1 _aVuille, Chris.
942 _2lcc
_cBK
_kFOR
999 _c289016
_d289016